000
00242nam a22000857a 4500
008
160816b xxu||||| |||| 00| 0 eng d
100
_9
130
_a
Batra S.K
245
_a
Together with mathematics-VIII
260
_a
New Delhi
_b
Rachna Sagar publication
_c
2007
999
_c
2785
_d
2785